000 01511nam a2200349 i 4500
001 16322
003 ES-MaACL
005 20250606154449.0
007 t|
008 000828s1999 sp |||| | spa d
020 _a84-239-7917-2
080 _a811.134.2'36
245 0 0 _aGramática descriptiva de la lengua española /
_cdirigida por Ignacio Bosque y Violeta Demonte ; preámbulo de Fernando Lázaro Carreter ; índices de Mª Victoria Pavón Lucero.
260 _aMadrid :
_bEspasa-Calpe,
_c[1999]
300 _a3 v. ;
_c23 cm.
490 1 _aColección Nebrija y Bello
505 8 _aContiene: 1 ;
_tSintaxis básica de las clases de palabras - 2 ;
_tLas construcciones sictácticas fundamentales ;
_tRelaciones temporales, aspectuales y modales - 3 ;
_tEntre la oración y el discurso ;
_tMorfología
650 4 _aLengua española-
_xGramática.
_914161
700 1 _aBosque, Ignacio.
_930698
700 1 _aDemonte, Violeta.
_943665
700 1 _aLázaro Carreter, Fernando,
_d1923-2004
_970798
700 1 _aPavón Lucero, Mª Victoria.
_989688
830 0 _aColección Nebrija y Bello
_9179937
852 _aES-MaACL
_jA-15540
_cDEPO1
_dOlim: 134.2'36 gra
_pv. I
_916693
852 _aES-MaACL
_jA-15541
_cDEPO1
_dOlim: 134.2'36 gra
_pv. II
_916694
852 _aES-MaACL
_jA-15542
_cDEPO1
_dOlim: 134.2'36 gra
_pv. III
_916691
852 _aES-MaACL
_jL-23603
_cDEPO2
852 _aES-MaACL
_jL-23604
_cDEPO2
852 _aES-MaACL
_jL-23605
_cDEPO2
942 _2udc
999 _c16322
_d16322